A MICE turizmus fenntartható irányai és gazdasági hatásai az Anantara New York Palace Budapest szálloda életében

Bibliográfiai részletek
Szerző: Vámos Dániel
További közreműködők: Boros Dr. Kitti
Dokumentumtípus: Diplomadolgozat
Kulcsszavak:Fenntartható rendezvényszervezés
fenntarthatóság
hivatásturizmus
MICE rendezvények
MICE turizmus
Online Access:http://dolgozattar.uni-bge.hu/59683

MARC

LEADER 00000nta a2200000 i 4500
001 dolg59683
005 20260409145422.0
008 260409suuuu hu om 000 hun d
040 |a BGE Dolgozattár Repozitórium  |b hun 
041 |a hu 
100 1 |a Vámos Dániel 
245 1 2 |a A MICE turizmus fenntartható irányai és gazdasági hatásai az Anantara New York Palace Budapest szálloda életében  |c Vámos Dániel  |h [elektronikus dokumentum] 
520 3 |a A MICE turizmus nagyon fontos szerepet játszik napjainkban. A Covid-19 világjárvány után végre 2024-ben fellendülni látszott ez az iparág is. Gazdasági hatásaiból megállapítható, hogy pozitív hatással vannak a szálloda, illetve a rendezvényszervező cég számára is. A MICE turizmusban új trendek tombolnak, ezek közé tartozik a digitalizáció, hibrid események, fenntarthatóság, ezeket bemutattam hazai és nemzetközi viszonylatban is. Ezután következett a fenntartható rendezvényszervezés bemutatása a MICE rendezvényeken általánosságban, és jó példákon keresztül is, hogy hogyan kéne csinálni, milyen megvalósítások vannak akár hazai, akár nemzetközi szemmel. Kutatásomnak a célja az volt, hogy feltárjam a dolgozatom elején, a bevezetésben megfogalmazott témaköröket, problémafelvetéseket, illetve, hogy választ kapjak a megfogalmazott kutatási kérdéseimre. A kutatás célja többek között annak feltárása, hogy milyen szerepet töltenek be az üzleti rendezvények az Anantara New York Palace Budapest szállodában, erre egyértelműen azt a választ kaptam, hogy nagyon fontos szerepet töltenek be, ugyanis a szálloda nagyrészt ezekre a rendezvényekre épít. Megvizsgáltam továbbá, hogy ezek az események milyen gazdasági előnyöket nyújtanak a szálloda számára, ezek az előnyök természetesen anyagi vonzatúak, ezek a rendezvények jelentős bevételt jelentenek a szálloda számára, mind szobaár, mind a vendéglátás gyanánt. Kiemelt figyelmet fordítottam arra is, hogy milyen módon valósítható meg a fenntartható üzleti rendezvényszervezés a szálloda keretein belül, és szerencsére fontosnak tartják a szállodában a rendezvényeknek a fenntartható megvalósítását, amennyire tőlük telhető, ezt meg is valósítják. Emellett elemeztem azokat az új fenntarthatósági gyakorlatokat, amelyek jelen vannak vagy azonosíthatók az üzleti rendezvényszervezés során az Anantara New York Palace Budapest szállodában, ezek közé tartoznak az egyre népszerűbb hibrid rendezvények, illetve az energiafelhasználás, vízfelhasználás, papír szemét keletkezésének a csökkentése. Kutatásom során először nehézségnek tartottam azt, hogy ebben a témakörben nem lehet egy kérdőíves kutatást csinálni, hanem valamilyen más módszert kell alkalmazni. Szerencsére a kvalitatív kutatás módszerei, az esettanulmány, az interjúk, a megfigyelés ráébresztett arra, hogy ez a legjobb módszere annak, hogy személyes, átfogó szemszögeket kapjak az adott témákkal kapcsolatban. A kutatást, ha lenne lehetőségem még olyan módszerrel folytatnám, hogy még több rendezvényt figyelnék meg, illetve, ha lenne rá lehetőségem a rendezvényen résztvevőket kérdezném meg kérdőívesen, hogy miket tapasztalnak a fenntarthatósági intézkedésekkel kapcsolatban, mennyire vannak ezekkel megelégedve. 
695 |a Fenntartható rendezvényszervezés 
695 |a fenntarthatóság 
695 |a hivatásturizmus 
695 |a MICE rendezvények 
695 |a MICE turizmus 
700 1 |a Boros Dr. Kitti  |e ths 
856 4 0 |u http://dolgozattar.uni-bge.hu/59683/1/V%C3%A1mos_D%C3%A1niel_Szakdolgozat_A%20MICE%20turizmus%20fenntarthat%C3%B3%20ir%C3%A1nyai%20%C3%A9s%20gazdas%C3%A1gi%20hat%C3%A1sai%20az%20Anantara%20New%20York%20Palace%20Budapest%20sz%C3%A1lloda%20%C3%A9let%C3%A9ben.pdf  |z Dokumentum-elérés 
856 4 0 |u http://dolgozattar.uni-bge.hu/59683/2/sustainability%20presentation-eVENT.pdf  |z Dokumentum-elérés 
856 4 0 |u http://dolgozattar.uni-bge.hu/59683/3/Brochure_Sustainability_Budapest_02.pdf  |z Dokumentum-elérés 
856 4 0 |u http://dolgozattar.uni-bge.hu/59683/4/V%C3%A1mos%20D%C3%A1niel_konzulens_Boros%20Kitti.pdf  |z Dokumentum-elérés 
856 4 0 |u http://dolgozattar.uni-bge.hu/59683/5/V%C3%A1mos%20D%C3%A1niel%20Bsc%20magyar%20Konzulens%20Karsai%20%C3%81rp%C3%A1d%20.pdf  |z Dokumentum-elérés